| 000 | 03428nam a2200541 i 4500 | ||
|---|---|---|---|
| 001 | 991061160054906706 | ||
| 003 | ES-BaIT | ||
| 005 | 20250915112332.0 | ||
| 008 | 240717e202210 spc|||| |||| 0|0 d cat| | ||
| 015 |
_aLL2024 _2bnc |
||
| 017 |
_aDL T 1163-2022 _bBiblioteca de Catalunya |
||
| 020 | _a9788412618181 | ||
| 040 |
_aES-BaBC _bcat _erda _cES-BaBC |
||
| 080 |
_a821.134.1-2 _x"19" _22004 |
||
| 080 | _a849.9-2"19" | ||
| 100 | 1 |
_aBelbel, Sergi, _d1963- _eautor _97455 |
|
| 240 | 1 | 0 |
_aTeatre. _kSeleccions _963444 |
| 245 | 1 | 0 |
_aSergi Belbel (1985-2018) / _cpròleg: Enric Gallén |
| 250 | _a1a edició | ||
| 264 | 1 |
_aTarragona : _bArola Editors, _coctubre 2022 |
|
| 300 |
_a626 pàgines ; _c24 cm |
||
| 336 |
_atext _btxt _2rdacontent |
||
| 337 |
_asense mediació _bn _2rdamedia |
||
| 338 |
_avolum _bnc _2rdacarrier |
||
| 490 | 1 |
_aTextos a part. Teatre reunit ; _v37 |
|
| 505 | 8 | _aConté: Calidoscopis i fars d'avui ; Elsa Schneider ; En companyia d'abisme ; Tàlem ; Carícies ; Després de la pluja ; Morir ; La sang ; El temps de Planck ; Forasters ; Mòbil ; A la Toscana ; Fora de joc ; Les roses de la vida ; Si no t'hagués conegut | |
| 520 | _a"Teatre reunit (1985-2018). La trentena i escaig de títols escrits per Sergi Belbel al llarg de trenta-set anys de dedicació -dels quals aquest volum aplega una mostra ben significativa- informen d'un dramaturg que ha tocat gairebé totes les tecles des del punt de vista textual i formal, entorn de qüestions i obsessions personals tractades segons les formes més diverses en el moment de la creació artística. No és un autor que s'hagi limitat a oferir un únic registre o un model teatral determinat. Tot hi pot cabre en els seus interessos com a autor, els mateixos que té com a director. Una actitud oberta, que es refia molt de la seva capacitat d'oferir al lector/espectador més amatent l'oportunitat de amb les històries, els personatges per representar i el llenguatge teatral. " -- Contracoberta | ||
| 700 | 1 |
_aGallén, Enric _eescriptor d'un pròleg _920761 |
|
| 700 | 1 |
_iContenidor de (obra): _aBelbel, Sergi, _d1963- _tCalidoscopis i fars d'avui _9167031 |
|
| 700 | 1 |
_iContenidor de (obra): _aBelbel, Sergi, _d1963- _tElsa Schneider _9167032 |
|
| 700 |
_iContenidor de (obra): _aBelbel, Sergi, _d1963- _tEn companyia d'abisme _976714 |
||
| 700 | 1 |
_iContenidor de (obra): _aBelbel, Sergi, _d 1963- _tTàlem _9167033 |
|
| 700 |
_iContenidor de (obra): _aBelbel, Sergi, _d1963-. _tCarícies _991972 |
||
| 700 | 1 |
_iContenidor de (obra): _aBelbel, Sergi, _d 1963- _tDesprés de la pluja _9167034 |
|
| 700 | 1 |
_iContenidor de (obra): _aBelbel, Sergi, _d 1963- _tMorir _9167035 |
|
| 700 | 1 |
_iContenidor de (obra): _aBelbel, Sergi, _d1963- _tSang _9167036 |
|
| 700 | 1 |
_iContenidor de (obra): _aBelbel, Sergi, _d 1963- _tTemps de Planck _9167037 |
|
| 700 |
_iContenidor de (obra): _aBelbel, Sergi, _d1963-. _tForasters _9132699 |
||
| 700 | 1 |
_iContenidor de (obra): _aBelbel, Sergi, _d 1963- _tMòbil _9167038 |
|
| 700 | 1 |
_iContenidor de (obra): _aBelbel, Sergi, _d1963- _tA la Toscana |
|
| 700 | 1 |
_iContenidor de (obra): _aBelbel, Sergi, _d1963- _tFora de joc |
|
| 700 | 1 |
_iContenidor de (obra): _aBelbel, Sergi, _d1963- _tRoses de la vida |
|
| 700 | 1 |
_aBelbel, Sergi, _d1963- _tSi no t'hagués conegut _iContenidor de (obra): _9167042 |
|
| 830 | 0 |
_aTextos a part. _pTeatre reunit _v37 _9143238 |
|
| 908 |
_aBC _aUAB _aUB _aCDMAE |
||
| 940 | _aBC | ||
| 942 |
_2udc _c1 |
||
| 999 |
_c136532 _d136532 |
||